000
00286nam a22001217a 4500
008
180803b xxu||||| |||| 00| 0 eng d
082
_a
813.52
245
_a
Pediatrics an Interactive Program
_c
Braner
260
_c
1999
300
_a
1
_f
CD
440
_x
9780721676128
942
_2
ddc
_c
MX
999
_c
46781
_d
46781